| 000 | 00356nam a22001457a 4500 | ||
|---|---|---|---|
| 008 | 240318b ||||| |||| 00| 0 eng d | ||
| 020 | _a0472089501 | ||
| 041 | _aeng | ||
| 080 |
_21972 VOLUME ONE _a101 |
||
| 082 | _a101WAL | ||
| 100 | _a44 | ||
| 101 | _aFILOZOFI | ||
| 245 |
_aCAUSALITY AND SCIENTIFIC EXPLANATION _cWILLIAM .A.WALLACE |
||
| 942 |
_2udc _cBK |
||
| 999 |
_c60599 _d60599 |
||